Strong-minded women and other lost voices = Mujeres de mente fuerte y otras voces perdida /
Uloženo v:
| Hlavní autor: | |
|---|---|
| Médium: | Neznámo |
| Jazyk: | English |
| Vydáno: |
New York :
Pantheon Books,
1982.
|
| Vydání: | 1 edición |
| Témata: | |
| Tagy: |
Přidat tag
Žádné tagy, Buďte první, kdo vytvoří štítek k tomuto záznamu!
|
MARC
| LEADER | 000000000a22000000004500 | ||
|---|---|---|---|
| 001 | 014298 | ||
| 020 | |a 0394504593 | ||
| 041 | 0 | |a eng | |
| 082 | 0 | 4 | |a 305.4 |b M981s |
| 100 | 1 | |a Murray, Janet Horowitz, |d 1946- | |
| 245 | 1 | 0 | |a Strong-minded women and other lost voices = |b Mujeres de mente fuerte y otras voces perdida / |c Janet Horowitz Murray. |
| 246 | 3 | 1 | |a Mujeres de mente fuerte y otras voces perdida |
| 250 | |a 1 edición | ||
| 260 | 1 | |a New York : |b Pantheon Books, |c 1982. | |
| 300 | |a 453 páginas : |b ilustraciones ; |c 25 cm. | ||
| 650 | 4 | |a MUJERES | |
| 650 | 4 | |a INGLATERRA | |
| 650 | 4 | |a HISTORIA | |
| 650 | 4 | |a SIGLO 19 | |
| 500 | |a Colección George Yúdice | ||
| 999 | |c 20192 |d 20192 | ||
| 942 | |c BK |h 305.4 M981s |2 z | ||



